| 000 | 00776nam a2200193 i 4500 | ||
|---|---|---|---|
| 001 | 163745 | ||
| 003 | ES-MaACL | ||
| 005 | 20251012063056.0 | ||
| 008 | 931025m18411843sp |||| | spa d | ||
| 040 |
_aAS _bspa _cAS |
||
| 100 | 1 |
_aRodríguez Campomanes, Pedro, _d1723-1803 _998399 |
|
| 245 | 1 | 0 |
_aColección de las alegaciones fiscales del Excmo. Señor Conde de Campomanes / _cpublícala con autorización de la Regencia del Reino José Alonso. |
| 260 |
_aMadrid : _b[s.n.], _c1841-1843 ( _fImprenta de Repullés) |
||
| 300 |
_a4 v. (450 ; 438, III ; 504 ; 420 p.) ; _c22 cm. |
||
| 596 | 1 | _aLos v. III-IV impresos en "imprenta y librería de Boix" | |
| 700 | 0 |
_aAlonso, José. _920212 |
|
| 852 |
_aES-MaACL _jG-447-50 _z-- Enc. hol. |
||
| 999 |
_c163745 _d163745 |
||